| 000 | 00806cam a2200277 a 4500 | ||
|---|---|---|---|
| 999 |
_c1191 _d1191 |
||
| 001 | 319672 | ||
| 003 | OSt | ||
| 005 | 20180908115913.0 | ||
| 008 | 890427s1988 txu b 000 0 eng d | ||
| 010 | _a 77075458 | ||
| 020 | _a0849930723 (pbk.) | ||
| 035 | _a(OCoLC)19612844 | ||
| 035 | _a(OCoLC)ocm19612844 | ||
| 040 |
_aTMN _cTMN _dPTS |
||
| 049 | _aPTSS | ||
| 082 |
_a231.3 _bG7381H |
||
| 090 |
_aBT121.2 _b.G74 1988 |
||
| 092 |
_a231.3 _bG738h |
||
| 100 | 1 |
_aGraham, Billy, _d1918- |
|
| 245 | 1 | 4 |
_aThe Holy Spirit : _bactivating God's power in your life (with built-in study guide) / _cBilly Graham. |
| 260 |
_aWaco, Tex. : _bWord Books, _cc1988. |
||
| 300 |
_a230 p. ; _c22 cm. |
||
| 504 | _aIncludes bibliographical references and study guide. | ||
| 650 | 0 | _aHoly Spirit. | |
| 942 |
_2ddc _cBK |
||